000
00322nam a2200109Ia 4500
008
200302s9999 xx 000 0 und d
100
_a
Knneth frampton and Others
245
_a
A genalogy of modern architecture comparative critical analysis of built form
260
_b
Lars Muller Publisher
260
_c
2015
300
_a
303
999
_c
6489
_d
6489